Responses for Show #854 - Thursday, April 28, 1988

Contestants

[<< previous game]

Mario Mainero, a trial lawyer from Corona del Mar, California

Mike Harris, a physician from Mill Valley, California

Rob Pold, a graduate student from Downers Grove, IL (whose 1-day cash winnings total $9,450)

[next game >>]

Jeopardy! Round responses

LANDMARKS
ZOOLOGY
MELS
SONGS
SOUTHERN COOKING
LEFTOVERS
    $100 10
Grauman's/Mann's Chinese Theatre

Rob
    $100 12
bullfrog

Mike
    $100 5
Mel Tillis

Rob
    $100 17
(Alex: "You're in the [*] Generation!")

Pepsi

Triple Stumper
    $100 24
turtles

Triple Stumper
    $100 11
"Legs"

Mario
    $200 8
Red Square

Mike
    $200 13
neck

Mario
    $200 4
Mel Blanc

Rob
    $200 22
(Alex: "Don't get a kick from a lot of things, but certainly out of you".)

"I Get a Kick Out of You"

Triple Stumper
    $200 25
hogs/pigs

Rob
    $200 18
roosters

Rob
    $300 6
The Leaning Tower of Pisa

Rob
    $300 14
(Mario: What is 8?)

2

MikeMario
    $300 1
Mel Torme

Rob
    $300 23
(Alex: We've got about a minute to go.)

"Something Stupid"

Triple Stumper
    $300 19
jockey & boxer

Mike
    $400 7
(Mario: Who was George Washington?)

Thomas Jefferson

MikeMario
    $400 15
sharks

Mario
    $400 2
Mel Gibson

Triple Stumper
    $400 26
"I'm in Love, I'm in Love, I'm in Love with a Wonderful Guy"

Triple Stumper
    $400 20
nightshade

Mario
    $500 9
Vienna

Rob
    $500 16
sloth

Rob
    $500 3
Mel Cooley

Rob
    $50 27
(Rob: What are "I'm Walkin'", and... I have no idea.)
[The end-of-round signal sounds.]

"I'm Walkin'", "I Want to Walk You Home", and/or "Walking to New Orleans"

Rob
    $500 21
the Maoris

Mario

Scores at the first commercial break (after clue 14):

Rob Mike Mario
$2,000 $1,000 -$400

Scores at the end of the Jeopardy! Round:

Rob Mike Mario
$2,850 $1,300 $900

Double Jeopardy! Round responses

ACTORS OF THE PAST
WORLD CAPITALS
NAMESAKES
YOGA
AMERICAN LITERATURE
IT'S A "LOCK"
    $200 13
Othello

Mike
    $200 1
Berlin

Rob
    $200 7
saxophone

Mike
    $200 16
a country

Rob
    $200 6
lockjaw

Mike
    $400 22
Juliet

Rob
    $400 2
Budapest

Rob
    $400 8
Ferris wheel

Rob
    $400 26
Sanskrit

Mike
    $400 17
The Sound and the Fury

Triple Stumper
    $400 9
locket

Mario
    $600 23
the Barrymores

Mike
    $600 3
Tunis

Mario
    $1,200 14
Johns Hopkins

Mike
    $600 25
[AA: Alcoholics Anonymous]

8

Triple Stumper
    $600 18
murder

Triple Stumper
    $600 10
June Lockhart

Mario
    $800 24
(Alex: She happened to be his mistress, he was looking out for her... nice guy. Less than a minute to go.)

Nell Gwyn

Triple Stumper
    $800 4
(Mario: What is... [*]?)

Dacca

MikeMario
    $800 15
macadamia nuts

Rob
    $1,000 27
[The end-of-round signal sounds.]

om

Mike
    $800 19
(Rob: What is "The Last of the Mohicans?")
...
(Alex: We needed the name of the character, not the name of the book.)

Natty Bumppo

RobMario
    $800 11
John Locke

Rob
    $1000 5
Costa Rica

Mario
    $1000 21
(Karl von) Nesselrode

Triple Stumper
    $1000 20
The Rise of Silas Lapham

Triple Stumper
    $1000 12
(Alfred Lord Tennyson's) "Locksley Hall"

Triple Stumper

Scores at the end of the Double Jeopardy! Round:

Rob Mike Mario
$5,250 $5,900 $3,500

[wagering suggestions for these scores]

Final Jeopardy! Round responses

TELEVISION
MarioWho is Paul Simon?
$3,499
RobWho is (and) Paul Simon?
$5,250
MikeWho is Paul Simon?
$4,900
Paul Simon

Final scores:

Rob Mike Mario
$10,500 $10,800 $6,999
2nd place: a 3-night trip to San Francisco at the Miyako hotel aboard Delta Airlines + Jeopardy! box game New champion: $10,800 3rd place: a Litton microwave oven + Jeopardy! box game

Game dynamics:

Coryat scores:

Rob Mike Mario
$5,300 $5,100 $3,500
17 R,
2 W
(including 1 DD)
13 R
(including 2 DDs),
0 W
10 R,
3 W

Combined Coryat: $13,900

[game clues] [game scores] [suggest correction]

Game tape date: 1988-01-19
The J! Archive is created by fans, for fans. Scraping, republication, monetization, and malicious use prohibited; this site may use cookies and collect identifying information. See terms. The Jeopardy! game show and all elements thereof, including but not limited to copyright and trademark thereto, are the property of Jeopardy Productions, Inc. and are protected under law. This website is not affiliated with, sponsored by, or operated by Jeopardy Productions, Inc. Join the discussion at JBoard.tv.